000 00797nam a2200265 i 4500
001 9466
003 ES-MaACL
005 20260507121455.0
007 t|
008 930915s1992 sp cf |||| |cspa d
020 _a84-7844-120-4
080 _a929:82"18/19"
100 _aMarías, Javier,
_d1951-2022
_9239206
245 1 0 _aVidas escritas /
_cJavier Marías.
250 _a4ª ed.
260 _aMadrid :
_bSiruela,
_c1992.
300 _a174 p., [77] p. de lám. ;
_c23 cm.
490 1 _aLibros del tiempo ;
_v43
504 _aBibliografía: p. [167]-174.
650 0 4 _aEscritores-
_yS.XIX-
_xBiografías.
_912380
650 4 _aEscritores-
_yS.XX-
_xBiografías.
_9147235
830 0 0 _aLibros del tiempo (Siruela)
_v43
_9233603
852 _aES-MaACL
_jL-16843
999 _c9466
_d9466